| 000 | 03319nam a2200433 i 4500 | ||
|---|---|---|---|
| 003 | EG-GICUC | ||
| 005 | 20260210151124.0 | ||
| 008 | 260203s2025 ua |||f m||| 00| 0 ara d | ||
| 040 |
_aEG-GICUC _cEG-GICUC _dEG-GICUC _erda _bara |
||
| 041 | 0 | _aara | |
| 049 | _aإهداء | ||
| 082 | 0 | 4 |
_a347.062 _221 |
| 097 | _aPh.D | ||
| 099 | _aLaw 05 PHD 2025 | ||
| 100 | 0 |
_aمحمد حسن السيد _eمؤلف. |
|
| 245 | 1 | 0 |
_aدور أمين الحفظ في تنفيذ عقد بيع الأوراق المالية / _cإعداد محمد حسن السيد؛ إشراف الأستاذ الدكتور سامي عبد الباقي. |
| 264 | 0 |
_aالقاهرة: _bكلية الحقوق- جامعة القاهرة، _c2025. |
|
| 300 |
_a300 صفحة؛ _c25 سم. |
||
| 336 |
_atext _2rda content |
||
| 337 |
_aComputer _2rda media |
||
| 338 |
_aOnline Resource _2rda carrier |
||
| 500 | _aرسائل نسخة منفردة | ||
| 500 | _aتحتوي علي صفحة عنوان باللغة الأنجليزية | ||
| 502 | _a أطروحة (دكتوراة)- جامعة القاهرة، كلية الحقوق، قسم القانون التجاري، 2025. | ||
| 504 | _aببليوجرافيا: صفحات 265-288 | ||
| 520 | 3 | _aأمين الحفظ هو الشخص الذي يوكل إليه أمر العناية بالمحفظة المالية لشخص آخر طبيعي أو معنوي ويتولى إدارة هذه الأوراق المالية من أسهم وسندات وتداولها في البورصة وفقا لعناية الرجل المهني المعتاد. وهذا الشخص من الاشخاص من أصحاب الكفاءة والخبرة والسلوك القويم. ويتم التعامل بينه وبين مالك الأوراق المالية وفقا للعقد، واختلف الفقه حول طبيعته بين الوديعة والوكالة أو عقد الخزانة الحديدية وقد رجحنا أن هذا لاعقد عقد وديعة. ولا يؤثر في طبيعة العقد التحول إلى الرقمية وعند ضرورة التسليم الورقي للاسهم والسندات والاكتفاء بقيدها في سجل بعد ذلك، إذ أن مجرد هذا القيد هو بمثابة التسلمي المادي. ويظل من ثم ملتزما بالحفظ المادي والحفظ القانوني بإدارة هذه الأوراق، وهذا الشخص يسأل مدنيا عن أخطائه وجنائيا وتأديبيا وفقا لاحكام قانونى سوق المال الايداع والقيد المركزي وغيرهما من قوانين ولوائح ذات صلة | |
| 546 | _aالملخص باللغة العربية | ||
| 650 | 0 | 4 | _aالقانون التجاري |
| 653 | _aأمين الحفظ | ||
| 653 | _aالأوراق المالية | ||
| 653 | _aعقد بيع | ||
| 655 | 4 |
_aرسائل جامعية _zجامعة القاهرة _xالقانون التجاري |
|
| 700 | 0 |
_aسامي عبد الباقي _eمشرف. |
|
| 710 | 2 |
_aجامعة القاهرة. _bكلية الحقوق |
|
| 856 | _uhttps://fll.law.cu.edu.eg/fulltext/th/T05-02833.pdf | ||
| 900 |
_b2025 _Uجامعة القاهرة _Fكلية الحقوق _Dقسم القانون التجاري |
||
| 905 | _a64 | ||
| 942 |
_2ddc _cTH _e21 _n0 |
||
| 999 | _c60690 | ||